000 00563nam a2200169 a 4500
001 000026097
005 20200930024311.0
008 110301s19uu dr 000 0 spa d
040 _aDO-SdBNP
_bspa
_cBNPHU
100 1 _aRonny Mercedes
_qPérez Mateo, Ramón Mercedes
_953035
245 1 0 _aHipotiposis sociales :
_bsiglo xx /.
260 _aSan Juan, República Dominicana :
_bEditora Logos,
_c[199?].
300 _a218 p. ;
_c22 cm.
500 _aIncluye datos biográficos del autor en la contracubierta
504 _aBibliografía : p. 216-218
049 _aBNPD
999 _c25589
_d25589